| 000 | 00607nam a2200229Ia 4500 | ||
|---|---|---|---|
| 008 | 160819s9999 xx 000 0 und d | ||
| 020 | _a978-0-600-61403-6 | ||
| 050 | _aCUL TX 765 | ||
| 050 | _b.L49 2006 | ||
| 100 | _aLewis, Sara. | ||
| 245 | _aKids' baking : | ||
| 245 | _b60 delicious recipes for children to make / | ||
| 245 | _cSara Lewis. | ||
| 260 | _aGreat Britain : | ||
| 260 | _bOctopus Pub. Group Ltd., | ||
| 260 | _c2006 | ||
| 300 | _a144 pages : | ||
| 300 | _bcolor illustrations ; | ||
| 300 | _c25 cm. | ||
| 500 | _aIncludes index. | ||
| 650 | _aBaking -- Juvenile literature. | ||
| 999 |
_c300664 _d300664 |
||